LEADER 01401nam0 22003011i 450 001 UON00193706 005 20231205103225.468 010 $a91-7346-151-2 100 $a20030730d1985 |0itac50 ba 101 $ager 102 $aSE 105 $a|||| ||||| 200 1 $aˆDie ‰deutsche Satzgliedlehre, 1780-1830$ezur Entwicklung der Traditionellen Syntax im Spiegel einiger allgemeiner und deutscher Grammatiken$fvon Kjell-Åke Forsgren 210 $aGöteborg$cActa Universitatis Gothoburgensis$dc1985 215 $a129 p.$d24 cm. 316 $aDono Goethe Institut$5IT-UONSI TED13FOR/01 410 1$1001UON00172933$12001 $aGöteborger Germanistische Forschungen$1210 $aGöteborg$cActa Universitatis Gothoburgensis.$v29 606 $aLingua tedesca$xGrammatica$xStudi$3UONC064771$2FI 620 $aSE$dGöteborg$3UONL000682 676 $a435$cLingua tedesca. Grammatica$v21 700 1$aFORSGREN$bKjell-Åke$3UONV114513$0182991 712 $aActa Universitatis Gothoburgensis$3UONV252694$4650 801 $aIT$bSOL$c20251003$gRICA 899 $aSIBA - SISTEMA BIBLIOTECARIO DI ATENEO$2UONSI 912 $aUON00193706 950 $aSIBA - SISTEMA BIBLIOTECARIO DI ATENEO$dSI TED 13 FOR 01 $eSI LO 58763 5 01 Dono Goethe Institut 996 $aDeutsche Satzgliedlehre, 1780-1830$91292643 997 $aUNIOR